[Event "Unterfranken-ch HB 56th"]
[Site "Stetten"]
[Date "2005.03.31"]
[Round "7"]
[White "Oeser, Armin"]
[Black "Meister, Willi"]
[Result "1/2-1/2"]
[WhiteElo "1742"]
[BlackElo "1717"]
[PlyCount "32"]
[EventDate "2005.03.28"]
[EventType "swiss"]
[EventRounds "9"]
[EventCountry "GER"]
[SourceTitle "EXT 2015"]
[Source "ChessBase"]
[SourceDate "2014.11.20"]
[SourceVersion "1"]
[SourceVersionDate "2014.11.20"]
[SourceQuality "1"]

1. e4 c5 2. Nf3 Nc6 3. d4 cxd4 4. Nxd4 e6 5. Nc3 a6 6. a3 Be7 7. Be3 Qc7 8. f4 d6 9. Qd2 Nf6 10. Be2 Bd7 11. 0-0 0-0 12. h3 Rad8 13. Bd3 Nxd4 14. Bxd4 Bc6 15. Qf2 Rd7 16. Bb6 Qb8 1/2-1/2